[Event "Dos Hermanas-A"]
[Site "Dos Hermanas"]
[Date "2005.04.07"]
[Round "7"]
[White "Radjabov, Teimour"]
[Black "Dominguez Perez, Leinier"]
[Result "1/2-1/2"]
[WhiteElo "2673"]
[BlackElo "2658"]
[PlyCount "55"]
[EventDate "2005.04.01"]
[EventType "tourn"]
[EventRounds "9"]
[EventCountry "ESP"]
[EventCategory "16"]
[SourceTitle "CBM 107"]
[Source "ChessBase"]
[SourceDate "2005.08.01"]
[SourceVersion "1"]
[SourceVersionDate "2005.08.01"]
[SourceQuality "1"]

1. e4 e5 2. Nf3 Nf6 3. Nxe5 d6 4. Nf3 Nxe4 5. Nc3 Nxc3 6. dxc3 Be7 7. Be3 Nc6
8. Qd2 Be6 9. Ng5 Bxg5 10. Bxg5 Qd7 11. b3 f6 12. Be3 O-O-O 13. O-O-O Rhe8 14.
f3 a6 15. Bf2 Qf7 16. Bd3 Ne5 17. Be2 Qg6 18. Rhg1 h5 19. Kb2 Bf5 20. Rde1 Re7
21. h3 Rde8 22. c4 Nc6 23. Bd1 Rxe1 24. Rxe1 Rxe1 25. Bxe1 Qe8 26. Bg3 Qe6 27.
h4 b6 28. Bf4 1/2-1/2

[Event "Presidents Cup"]
[Site "Baku"]
[Date "2005.05.03"]
[Round "3.1"]
[White "Mamedov, Nidjat"]
[Black "Radjabov, Teimour"]
[Result "1/2-1/2"]
[WhiteElo "2463"]
[BlackElo "2673"]
[PlyCount "98"]
[EventDate "2005.05.01"]
[EventType "k.o."]
[EventRounds "5"]
[EventCountry "AZE"]
[SourceTitle "CBM 106 Extra"]
[Source "ChessBase"]
[SourceDate "2005.07.01"]
[SourceVersion "1"]
[SourceVersionDate "2005.07.01"]
[SourceQuality "1"]

1. e4 c5 2. Nf3 Nc6 3. Bb5 d6 4. Bxc6+ bxc6 5. O-O Bg4 6. h3 Bh5 7. Re1 e6 8.
d3 Nf6 9. Nbd2 Nd7 10. Nf1 Be7 11. Ng3 Bg6 12. Bf4 O-O 13. Qe2 f6 14. Rad1 Bf7
15. Bc1 Re8 16. Nh2 Bf8 17. f4 e5 18. b3 exf4 19. Bxf4 Ne5 20. Nf3 Qd7 21. Nxe5
fxe5 22. Bc1 Be6 23. Rf1 Be7 24. Nf5 Bf6 25. Rf2 Rf8 26. Rdf1 Bxf5 27. Rxf5 Be7
28. Qg4 Rxf5 29. Rxf5 Rd8 30. Qe2 Qe6 31. Rf1 Re8 32. Be3 Bd8 33. Kh2 Be7 34.
a3 Bd8 35. Rf3 a6 36. Qd2 Rf8 37. Rxf8+ Kxf8 38. b4 cxb4 39. Qxb4 Qd7 40. Qc4
Qc8 41. c3 Bf6 42. Qb4 Be7 43. Qb6 Bd8 44. Qa7 c5 45. Kg3 h6 46. Kf3 Ba5 47. c4
Bc7 48. Ke2 h5 49. Kd2 Ke8 1/2-1/2

[Event "Presidents Cup"]
[Site "Baku"]
[Date "2005.05.05"]
[Round "4.2"]
[White "Allahverdiyev, Anar"]
[Black "Radjabov, Teimour"]
[Result "0-1"]
[WhiteElo "2441"]
[BlackElo "2673"]
[PlyCount "80"]
[EventDate "2005.05.01"]
[EventType "k.o."]
[EventRounds "5"]
[EventCountry "AZE"]
[SourceTitle "CBM 106 Extra"]
[Source "ChessBase"]
[SourceDate "2005.07.01"]
[SourceVersion "1"]
[SourceVersionDate "2005.07.01"]
[SourceQuality "1"]

1. c4 g6 2. Nc3 Nf6 3. g3 c6 4. Bg2 d5 5. cxd5 cxd5 6. d4 Bg7 7. Nf3 O-O 8. O-O
Ne4 9. Nxe4 dxe4 10. Ng5 Qxd4 11. Nxe4 Nc6 12. Qb3 Rb8 13. Be3 Qxb2 14. Qxb2
Bxb2 15. Rab1 Bd4 16. Nc5 Bxe3 17. fxe3 Bf5 18. Rxf5 gxf5 19. Nd7 Na5 20. Rb5
b6 21. Nxf8 Kxf8 22. Rxf5 Rc8 23. Be4 h6 24. Rd5 Rc7 25. Rd8+ Kg7 26. Kf2 Nc4
27. h3 Ne5 28. Rb8 e6 29. g4 Rc4 30. Bb1 Rc1 31. Be4 Ra1 32. Kg3 Rxa2 33. Kf4
Nd7 34. Rd8 Nc5 35. Bf3 a5 36. Ke5 a4 37. Ra8 Nb3 38. Kd6 Na5 39. Rc8 a3 40.
Ke7 Rd2 0-1

[Event "Presidents Cup"]
[Site "Baku"]
[Date "2005.05.05"]
[Round "4.3"]
[White "Radjabov, Teimour"]
[Black "Allahverdiyev, Anar"]
[Result "1-0"]
[WhiteElo "2673"]
[BlackElo "2441"]
[PlyCount "61"]
[EventDate "2005.05.01"]
[EventType "k.o."]
[EventRounds "5"]
[EventCountry "AZE"]
[SourceTitle "CBM 106 Extra"]
[Source "ChessBase"]
[SourceDate "2005.07.01"]
[SourceVersion "1"]
[SourceVersionDate "2005.07.01"]
[SourceQuality "1"]

1. d4 Nf6 2. c4 e6 3. Nf3 Bb4+ 4. Bd2 Qe7 5. g3 Nc6 6. Nc3 Bxc3 7. Bxc3 Ne4 8.
Rc1 d6 9. Bg2 O-O 10. d5 Nxc3 11. Rxc3 Nd8 12. Nd2 Bd7 13. O-O Rc8 14. e4 e5
15. b4 b6 16. c5 dxc5 17. bxc5 Bb5 18. Re1 Nb7 19. Qb3 Qe8 20. Bh3 Ra8 21. c6
Nd6 22. f4 f6 23. Rf3 Qh5 24. Be6+ Kh8 25. Qe3 a5 26. Qf2 exf4 27. Rxf4 Rfe8
28. Rxf6 h6 29. Rf4 Rxe6 30. dxe6 Qe8 31. e5 1-0

[Event "EU-ch 6th"]
[Site "Warsaw"]
[Date "2005.06.21"]
[Round "4"]
[White "Radjabov, Teimour"]
[Black "Kozul, Zdenko"]
[Result "1-0"]
[WhiteElo "2673"]
[BlackElo "2591"]
[Annotator "Erenburg,S"]
[PlyCount "59"]
[EventDate "2005.06.18"]
[EventType "swiss"]
[EventRounds "13"]
[EventCountry "POL"]
[SourceTitle "CBM 108"]
[Source "ChessBase"]
[SourceDate "2005.09.26"]
[SourceVersion "1"]
[SourceVersionDate "2005.09.26"]
[SourceQuality "1"]

1. e4 c5 2. Nf3 d6 3. d4 cxd4 4. Nxd4 Nf6 5. Nc3 Nc6 6. Bg5 e6 7. Qd2 a6 8.
O-O-O Bd7 9. f4 b5 10. e5 $5 {An interesting pawn sacrifice. White opens
central files, hoping to use the vulnerable position of Black's monarch.
Usually White prefers one of the following options:} (10. Nf3 b4 11. Bxf6 Qxf6
12. Ne2 {1-0 Oll,L-Ehlvest,J/Tallinn/ Parnu 1998/CBM 066/[Gofshtein,L] (42)}) (
10. Bxf6 gxf6 11. Nxc6 Bxc6 12. Qe1 Ra7 13. Bd3 Qb6 14. Kb1 h5 {1-0
Tseshkovsky,V-Malakhov,V/Ekaterinburg 2002/CBM 090/[Tyomkin,D] (50)}) 10...
dxe5 11. fxe5 Nxe5 12. Qe1 h6 $1 $146 {[%mdl 8] The idea of this move is to
define the position of White's dark-squared bishop. Thus, Black will be able
to move away the knight from e5 with the tempo. In the preceding games Black
tried} (12... Qb8 13. Kb1 (13. Bf4 $2 Nd3+) 13... b4 $1 14. Ne4 Nd5 15. Nf3 Bc6
16. Nd4 Bd7 17. Nb3 $5 Qb6 $5 18. Bc4 $5 Nxc4 19. Rxd5 h6 $1 20. Bh4 Qe3 $1 21.
Rd4 $1 Qxe1+ 22. Rxe1 Bb5 $17 {0-1 Vitolinsh,A-Sherbakov,R/USSR 1990/(52)}) (
12... b4 13. Nd5 Bd6 14. Nf5 exf5 15. Nxf6+ gxf6 16. Rxd6 Qe7 17. Rxf6 Qc5 18.
Bf4 Be6 19. Qxe5 Qxe5 20. Bxe5 Rg8 21. g3 Ke7 22. Bd3 Rac8 23. Rh6 Bxa2 24.
Bd6+ Kd8 25. Bxb4 Bb3 26. Re1 Rg6 27. Ba5+ {1-0 Zellner,R-Kraas,H/Germany 1991/
EXT 2003 (27)}) (12... Qc7 13. Kb1 b4 14. Ne4 Be7 15. Nxf6+ gxf6 16. Bf4 a5 {
1/2-1/2 Gashimov,V-Alekseev,E/Istanbul 2003/CBM 096 (16)}) 13. Bh4 {White
cannot allow Black to get a pair of bishops.} (13. Qxe5 hxg5 14. Qxg5 (14. Be2
{[%cal Ye2f3]} Qb8 15. Qxg5 b4 16. Nb1 Nd5 $17) (14. Bd3 Be7 $15) 14... Qc7 $15
) 13... Ng6 {Black has achieved his goal - Black moved away the knight with
the tempo.} 14. Bxf6 {When the Black's knight moved away from the "e" file,
White will get a resource of Nc3-d5 strike after an exchange on f6.} (14. Bg3 {
isn't better, than the move in the game.} Bb4 $1 15. Nc6 $141 Bxc3 16. Qxc3 Qc8
17. Ne5 Qxc3 $19) 14... Qxf6 15. Bd3 {preparing Rhf1.} Bc5 16. Nd5 {The
following possibilities don't promise anything special for White:} (16. Nf5 Ne5
(16... O-O 17. Nxh6+ gxh6 18. Bxg6 fxg6 19. Rxd7 Bd4 20. Nd1 e5 $13) 17. Be4
Rc8 18. Nd6+ Bxd6 19. Rxd6 Nc4 20. Rd3 Nxb2 21. Kxb2 b4 $17) (16. Nf3 Bc6 17.
Be4 (17. Ne4 Qf4+ 18. Kb1 Be7 $17) 17... Bxe4 18. Nxe4 Qf4+ 19. Kb1 Be7 $17)
16... Qg5+ 17. Kb1 O-O $1 ({Worse is} 17... Qxd5 $2 18. Be4 Qe5 19. Bxa8 Bxd4
20. Qd2 Ke7 21. Bf3 $14) (17... Rc8 $2 {is met by} 18. Nf3 Qxg2 19. Bxg6 $40)
18. Nc7 Bxd4 $2 {missing a more attractive continuation.} (18... Ra7 $2 19.
Ncxe6 Bxe6 20. Nxe6 fxe6 21. Qxe6+ Kh7 22. h4 $16) ({Right was} 18... Rac8 $1
19. Ndxe6 (19. Nf3 Qxg2 20. Nxa6 Bf2 $17) 19... fxe6 20. Nxe6 Qg4 $17) 19. Nxa8
e5 20. Nc7 Nf4 (20... Bg4 21. Be2 Bxe2 (21... Bf5 $5) 22. Qxe2 Nf4 23. Qf3 Qxg2
24. Qxg2 Nxg2 25. c3 $14) 21. Be4 Nxg2 22. Qb4 $2 {White should have changed
Black's active knight:} (22. Bxg2 $1 Qxg2 23. c3 Bf5+ (23... Bc6 24. cxd4 Be4+
25. Ka1 Qxh1 26. Qxh1 Bxh1 27. Rxh1 exd4 28. Nxa6 $18) 24. Ka1 Bf2 (24... Be4
25. cxd4 Qxh1 26. Qxh1 Bxh1 27. Rxh1 exd4 28. Nxa6 $18) 25. Qxe5 $14) 22... Ne3
23. Rdg1 $2 {This move allows Black to get an obvious advantage.} (23. Bh7+ $2
Kxh7 24. Qxf8 Bf5 25. Rc1 Nxc2 26. Rxc2 Bxc2+ $19 {[%cal Gg5g2]}) ({Better is} 
23. Nd5 Nxd5 (23... Nxd1 24. Ne7+ Kh8 25. Ng6+ fxg6 26. Qxf8+ Kh7 27. Bd5 $18)
24. Bxd5 Bf5 25. Rhf1 Rc8 $15) 23... Nxc2 $4 {[%mdl 8192] just blundering a
piece...} ({Black could get a big advantage after} 23... Qd8 $1 24. Nxa6 (24.
Qd6 Nf5 25. Bxf5 Bxf5 26. Qxd8 Rxd8 27. Rc1 Rd6 $19) (24. Nd5 Nxd5 25. Bxd5 Bf5
$19 {[%cal Gd4g1]}) 24... Qc8 25. Qd6 {[%cal Yd6h6]} Kh8 $1 $17 {[%cal Ge3c4]})
{[%tqu "En","Please find the way to get a decisive advantage for white.","","",
"b4f8","",10]} 24. Qxf8+ $1 Kxf8 25. Rxg5 hxg5 26. Kxc2 $18 {White is a rook
up without any compensation for the second player. The rest needs no comment.}
f5 27. Bb7 g4 28. Rd1 f4 29. Be4 Ke7 30. Nd5+ 1-0

[Event "EU-ch 6th"]
[Site "Warsaw"]
[Date "2005.06.22"]
[Round "5"]
[White "Karjakin, Sergey"]
[Black "Radjabov, Teimour"]
[Result "1-0"]
[WhiteElo "2635"]
[BlackElo "2673"]
[Annotator "Rogozenco,D"]
[PlyCount "81"]
[EventDate "2005.06.18"]
[EventType "swiss"]
[EventRounds "13"]
[EventCountry "POL"]
[SourceTitle "CBM 108"]
[Source "ChessBase"]
[SourceDate "2005.09.26"]
[SourceVersion "1"]
[SourceVersionDate "2005.09.26"]
[SourceQuality "1"]

1. e4 c5 2. Nf3 Nc6 3. d4 cxd4 4. Nxd4 Nf6 5. Nc3 e5 6. Ndb5 d6 7. Bg5 a6 8.
Na3 b5 9. Nd5 Be7 10. Bxf6 Bxf6 11. c3 Bg5 12. Nc2 Ne7 {Radjabov has played
this line before and Karjakin came well prepared.} 13. h4 $5 (13. a4 bxa4 14.
Ncb4 (14. Rxa4 Nxd5 15. Qxd5 Be6 $15) 14... O-O ({Also possible is} 14... Bd7 {
which is more justified now, since the exchange sac doesn't work out so well
for White:} 15. h4 (15. Rxa4 Nxd5 16. Nxd5 Bxa4 17. Qxa4+ Kf8 {In opposite to
the game here the bishop will return to e7 or d8 instead of going to h6.})
15... Nxd5 $1 16. Qxd5 Be7 $13) 15. h4 Bh6 $5 (15... Nxd5 16. Nxd5 Be7 17. Rxa4
(17. Qxa4 Bxh4) 17... a5 $140 18. b4 $1 $14) 16. Rxa4 a5 $14 {/=} 17. Nxe7+
Qxe7 18. Nd5 Qb7 19. b3 Kh8 20. Bc4 f5 $11) (13. Ncb4 O-O 14. a4 (14. h4 Nxd5
15. Nxd5 Be7 {Another example that if White wants to play h2-h4, then it makes
sense to do it when the bishop cannot retreat to e7.} 16. Bd3 Be6 17. Ne3 Rb8
18. a3 g6 19. g3 {1/2-1/2 Kotsur,P (2500)-Shariyazdanov,A (2465)/Roque Saenz
Pena 1997/EXT 98}) 14... bxa4 15. h4 ({or} 15. Rxa4 a5) (15. Qxa4 Nxd5 (15...
a5 16. Bb5 $1 Nxd5 17. exd5 {/\ Nc6+/-}) 16. Nxd5 Bd7 (16... Be6 17. Bc4 g6 $14
) 17. Qa5 Qb8 18. Qb6 Be6 19. Qxb8 (19. Bc4 Bxd5 20. Qxb8 Raxb8 21. Bxd5 Rxb2
$11 {1/2-1/2 Prasad,D-Shariyazdanov,A/Biel 1999/(29)} 22. O-O Rb6 23. Rfb1 Rfb8
24. Rxb6 Rxb6 25. Bc4 h5 26. g3 Rc6 27. Bd5 Rb6 28. Bc4 Bd2 29. Rxa6 Rxa6 {
1/2-1/2 Prasad,D (2432)-Shariyazdanov,A (2588)/Biel 1999/EXT 2000}) 19... Rfxb8
20. Nc7 Ra7 21. Nxe6 fxe6 22. b4 Rc7 23. h4 Bf6 24. Rh3 d5 25. Rxa6 d4 26. Kd2
dxc3+ 27. Rxc3 Rd7+ {1/2-1/2 Balashov,Y (2534)-Cherniaev,A (2432)/Moscow 1999})
15... Bh6 16. Rxa4 a5 {is same as 13.a4}) (13. Be2 O-O $11) 13... Bh6 (13...
Bxh4 $2 14. Rxh4 Nxd5 15. Qxd5 Be6 16. Qb7 $1 (16. Qc6+ Bd7) 16... Rb8 17. Qc6+
Bd7 18. Qxd6 $18) (13... Nxd5 $2 14. Qxd5 Be6 15. Qc6+ Bd7 16. Qxd6 $16) 14. a4
(14. Nxe7 Qxe7 15. Nb4 O-O (15... Qb7 16. Qd5 $1 $11 {/+/=}) 16. Nd5 (16. Be2
Be6 $11) 16... Qb7 $11) 14... bxa4 15. Ncb4 $146 (15. Rxa4 $6 Nxd5 $1 16. exd5
(16. Qxd5 Be6 $32) 16... O-O $15 {1/2-1/2 Rjabzev,K (2316)-Starikov,P (2219)/
Toliatti 2000 (37)}) 15... Bd7 {This move is designed to protect pawn a4, but..
.} (15... O-O $142) 16. Rxa4 $1 {A nice positional exchange sacrifice, using
the fact that the bishop on h6 is out of play.} Nxd5 (16... a5 17. Ra1 (17.
Nxe7 axb4 18. Rxa8 Qxa8 19. Nd5 O-O 20. cxb4 f5 $132 (20... Rc8 $5 21. Ne7+ Kh8
22. Nxc8 Qxe4+ 23. Be2 Qxb4+ 24. Kf1 Bxc8 $44)) (17. Ra2 $5 Rb8 18. Na6 (18.
Nxe7 axb4 19. Nd5 (19. Qxd6 $2 bxc3 $19) 19... bxc3 20. bxc3 O-O $11) 18... Rb7
19. Nxe7 Qxe7 20. Rxa5 O-O 21. Nb4 Rxb4 22. cxb4 d5 23. Rc5 $1) 17... Nxd5 (
17... Rb8 18. Nxe7 axb4 (18... Qxe7 19. Rxa5 $16) 19. Qxd6 bxc3 20. bxc3 Be6
21. Qxd8+ Rxd8 22. Nd5 Bxd5 23. exd5 Rxd5 24. Bc4 Rd8 25. Ra7 O-O 26. Rh3 $14)
(17... O-O 18. Nxe7+ Qxe7 19. Nd5 Qd8 {is 17..a5 from the next comment}) 18.
Nxd5 (18. Qxd5 $6 O-O) 18... Rb8 (18... O-O {see next comment 17...a5}) 19. g4
(19. b3 O-O 20. Bc4 $14 {/=}) 19... Bf4 20. Nxf4 exf4 21. Qxd6 Rxb2 22. Qe5+
Be6 23. Bb5+ Kf8 24. O-O $36) 17. Nxd5 Bxa4 ({It makes sense to reject the
sacrifice with} 17... a5 18. Ra1 (18. Ra2 O-O 19. g4 $140 Bf4 20. Nxf4 exf4 21.
Qxd6 Bxg4 22. Qxf4 Be6 $44) 18... O-O 19. g4 (19. Bc4 $142 $14 {/~~}) 19... Bf4
20. Nxf4 exf4 21. Qxd6 Qb8 $1 $44 ({or} 21... Bxg4)) 18. Qxa4+ Kf8 19. b4 $1 {
[%csl Gd5,Rh6] White has a very good compensation. Such approach (exchange sac
in order to dominate opponent's pieces) was demonstrated in the famous game
Kasparov-Shirov, Horgen 1994.} a5 ({Possibly Black should have searched for
counterplay with} 19... g6 20. Bxa6 f5 21. b5 Kg7) 20. b5 Rb8 ({Now} 20... g6
21. b6 Kg7 {is not enough:} 22. g3 f5 23. Nc7 $1 Qe7 24. Nxa8 Rxa8 25. Qc6 Rb8
26. Ba6 {and b7 or Qc7, with big advantage.}) 21. g3 $1 g6 22. Bh3 Kg7 23. O-O
Rf8 24. Ra1 Kh8 {Too slow. Good or bad Black had to try to play actively.} (
24... f5 25. exf5 gxf5 26. Bxf5 (26. Qxa5 $14) 26... Qe8 $1 {using the
tactical idea that pawn f2 is not protected.} (26... Rxf5 $2 27. Qg4+) 27. Be4
$1 (27. Qg4+ Kh8 28. c4 Qf7 $132) (27. Bd3 Qf7 {[%csl Rd5,Rf2]}) 27... Qxb5 28.
Qxb5 Rxb5 29. Nc7 Rfb8 $1 {and Black holds:} 30. Nxb5 Rxb5 31. Rd1 (31. c4 Rc5
32. Bd5 Bd2 $1 33. Rb1 Bb4) 31... Rb6 32. Rd5 Ra6 33. Bd3 Ra7 34. Rxd6 a4 $132)
25. Qxa5 $16 Qe8 26. c4 f5 (26... Rb7 $16) 27. Qc7 Qf7 ({White is winning after
} 27... Rc8 28. Qxd6 Rxc4 29. exf5 {For example:} Qxb5 30. Ra7 $18) (27... Rf7
28. Qxd6 Bf8 29. Qc6 (29. Qa6 $6 Bc5 $132) 29... Qxc6 30. bxc6 $16) 28. exf5 $1
(28. Qxd6 fxe4 29. Rf1 $16 (29. Ra2 Ra8 $1 $132)) 28... Qxc7 29. Nxc7 gxf5 30.
Ra6 Rf7 31. Nd5 $18 Bf8 32. Rc6 f4 $2 {A mistake in a very difficult position.
Black should have tried to keep the bishop h3 out of play.} (32... Kg7 33. b6
Kg6 $16 {/+-}) 33. Be6 Rg7 34. g4 $18 {The triumph of White's strategy.
Black's bishop remained passive, while White's pieces dominate on light
squares.} Re8 35. Bf5 Be7 36. h5 Bg5 37. b6 e4 38. Rc8 Rxc8 $2 {Loses at once.}
({On the other hand also after} 38... Rd8 39. Kf1 {Black is helpless}) 39. Bxc8
e3 40. fxe3 fxe3 41. b7 (41. b7 e2 42. Kf2 $18) 1-0

[Event "EU-ch 6th"]
[Site "Warsaw"]
[Date "2005.06.23"]
[Round "6"]
[White "Radjabov, Teimour"]
[Black "Riazantsev, Alexander"]
[Result "1-0"]
[WhiteElo "2673"]
[BlackElo "2608"]
[PlyCount "101"]
[EventDate "2005.06.18"]
[EventType "swiss"]
[EventRounds "13"]
[EventCountry "POL"]
[SourceTitle "CBM 108"]
[Source "ChessBase"]
[SourceDate "2005.09.26"]
[SourceVersion "1"]
[SourceVersionDate "2005.09.26"]
[SourceQuality "1"]

1. d4 d5 2. c4 c6 3. Nc3 Nf6 4. Nf3 a6 5. c5 Nbd7 6. Bf4 Nh5 7. e3 g6 8. h4
Nxf4 9. exf4 Qc7 10. Qd2 Bg7 11. h5 Nf6 12. hxg6 hxg6 13. Rxh8+ Bxh8 14. Ne5
Be6 15. f3 Nd7 16. O-O-O Bg7 17. Bd3 g5 18. g3 gxf4 19. gxf4 O-O-O 20. Kb1 f6
21. Ng6 Re8 22. Re1 Bf7 23. Nxe7+ Kb8 24. Nf5 Rxe1+ 25. Qxe1 Bf8 26. Qe3 b6 27.
cxb6 Qxb6 28. Ne7 Kb7 29. Bf5 Qd8 30. Ng6 Bxg6 31. Bxg6 Nb6 32. Bd3 Qe7 33. Qd2
Qd6 34. a3 a5 35. Ne2 c5 36. Qxa5 c4 37. Bf5 Be7 38. Ka2 Bd8 39. Qd2 Bc7 40.
Bc2 Ka6 41. Qe3 Kb7 42. Bf5 Na4 43. Qe8 Nb6 44. Qf7 Ka6 45. Be6 Bd8 46. Nc3
Qxf4 47. Bxd5 Qc7 48. Qe6 Be7 49. Bc6 Qd6 50. Bb5+ Ka5 51. Qe4 1-0

[Event "EU-ch 6th"]
[Site "Warsaw"]
[Date "2005.06.25"]
[Round "7"]
[White "Tiviakov, Sergei"]
[Black "Radjabov, Teimour"]
[Result "1/2-1/2"]
[WhiteElo "2631"]
[BlackElo "2673"]
[PlyCount "42"]
[EventDate "2005.06.18"]
[EventType "swiss"]
[EventRounds "13"]
[EventCountry "POL"]
[SourceTitle "CBM 108"]
[Source "ChessBase"]
[SourceDate "2005.09.26"]
[SourceVersion "1"]
[SourceVersionDate "2005.09.26"]
[SourceQuality "1"]

1. e4 c5 2. Nf3 Nc6 3. c3 Nf6 4. e5 Nd5 5. Bc4 Nb6 6. Bb3 c4 7. Bc2 Qc7 8. Qe2
g5 9. h3 Bg7 10. O-O Nxe5 11. Nxg5 d5 12. a4 Bd7 13. a5 Nc8 14. Nf3 Ng6 15. d4
cxd3 16. Qxd3 e6 17. Re1 Nce7 18. a6 e5 19. axb7 Qxb7 20. Qa6 Qc7 21. Qa5 Qb7
1/2-1/2